[Event "CZE-ch U12"]
[Site "Harrachov"]
[Date "2024.10.27"]
[Round "2"]
[White "Sromek, Sebastian"]
[Black "Poznicek, Antonin"]
[Result "0-1"]
[WhiteElo "1429"]
[BlackElo "1734"]
[PlyCount "96"]
[EventDate "2024.10.26"]
[EventType "swiss"]
[EventRounds "9"]
[EventCountry "CZE"]
[SourceTitle "CB45_2024"]
[Source "ChessBase"]
[SourceDate "2024.11.06"]
[SourceVersion "1"]
[SourceVersionDate "2024.11.06"]
[SourceQuality "1"]

1. e4 c6 2. d4 d5 3. Nc3 dxe4 4. Nxe4 Bf5 5. Ng3 Bg6 6. Nf3 Nf6 7. Ne5 e6 8. Nxg6 hxg6 9. Bc4 Bd6 10. Qf3 Bxg3 11. Qxg3 Qxd4 12. Qd3 Qxd3 13. Bxd3 0-0 14. 0-0 Nbd7 15. Bg5 Nb6 16. Bxf6 gxf6 17. Rad1 Nd5 18. Be4 Rfd8 19. h3 Kg7 20. Rd2 Nb6 21. Rfd1 Rxd2 22. Rxd2 Kf8 23. Kf1 Ke7 24. Ke2 e5 25. Bd3 f5 26. f3 Nd5 27. Bc4 Rd8 28. Bxd5 cxd5 29. Kd3 Rc8 30. Re2 Kd6 31. c3 Rh8 32. c4 d4 33. b3 f6 34. Rf2 Kc5 35. a3 Re8 36. b4+ Kc6 37. f4 Rd8 38. fxe5 fxe5 39. g3 e4+ 40. Ke2 a5 41. g4 Rf8 42. gxf5 gxf5 43. h4 f4 44. h5 f3+ 45. Ke1 e3 46. Rf1 d3 47. h6 d2+ 48. Kd1 e2+ 0-1

[Event "CZE-ch U10"]
[Site "Teplice"]
[Date "2023.11.18"]
[Round "8"]
[White "Poznicek, Antonin"]
[Black "Hurt, Marek"]
[Result "1/2-1/2"]
[WhiteElo "1000"]
[BlackElo "1067"]
[PlyCount "138"]
[EventDate "2023.11.15"]
[EventType "swiss"]
[EventRounds "9"]
[EventCountry "CZE"]
[SourceTitle "CBM 217 Extra"]
[Source "ChessBase"]
[SourceDate "2024.01.31"]
[SourceVersion "1"]
[SourceVersionDate "2024.01.31"]
[SourceQuality "1"]

1. e4 e5 2. Nf3 Nc6 3. Bc4 Bc5 4. c3 Nf6 5. d4 exd4 6. cxd4 Bb6 7. Bg5 h6 8. Bh4 g5 9. Nxg5 hxg5 10. Bxg5 Rh5 11. Bxf6 Qxf6 12. Qxh5 Bxd4 13. Qe2 Bxb2 14. 0-0 Bxa1 15. Nd2 d6 16. e5 Qxe5 17. Qxe5+ Bxe5 18. Re1 Be6 19. Bxe6 fxe6 20. Re4 Kd7 21. Nc4 b5 22. Ne3 Bd4 23. Nc2 Bc5 24. Rh4 Re8 25. Ne1 Rf8 26. Nd3 Bb6 27. Rh7+ Kd8 28. Rh6 Ke7 29. Rh7+ Rf7 30. Rh5 Ne5 31. Nxe5 dxe5 32. Rxe5 Rxf2 33. Re1 Re2+ 34. Kf1 Rf2+ 35. Kg1 Rxa2+ 36. Kh1 b4 37. Rb1 a5 38. h4 Bd4 39. g4 Rf2 40. g5 Rf4 41. h5 Rh4+ 42. Kg2 Rxh5 43. Kf3 Rxg5 44. Ke4 Bb6 45. Kd3 Rc5 46. Rb2 e5 47. Rb1 Kd6 48. Ke4 Rc4+ 49. Kd3 Kd5 50. Rh1 Rc3+ 51. Kd2 c5 52. Rd1 a4 53. Ke2+ Ke4 54. Ra1 a3 55. Kd2 Kd4 56. Ra2 e4 57. Ra1 e3+ 58. Ke2 Rd3 59. Rb1 Rd2+ 60. Ke1 Kc3 61. Rc1+ Kb2 62. Rd1 Rxd1+ 63. Kxd1 a2 64. Ke2 a1Q 65. Kxe3 Qd1 66. Kf2 c4+ 67. Kg2 Qe1 68. Kh2 Qe3 69. Kh1 Qe2 1/2-1/2

[Event "CZE-ch U10"]
[Site "Teplice"]
[Date "2023.11.17"]
[Round "6"]
[White "Poznicek, Antonin"]
[Black "Bejvl, Antonin"]
[Result "1/2-1/2"]
[WhiteElo "1000"]
[BlackElo "1000"]
[PlyCount "115"]
[EventDate "2023.11.15"]
[EventType "swiss"]
[EventRounds "9"]
[EventCountry "CZE"]
[SourceTitle "CBM 217 Extra"]
[Source "ChessBase"]
[SourceDate "2024.01.31"]
[SourceVersion "1"]
[SourceVersionDate "2024.01.31"]
[SourceQuality "1"]

1. e4 c5 2. Nf3 Nc6 3. d4 cxd4 4. Nxd4 e5 5. Nb5 d6 6. Bc4 a6 7. N5c3 Nf6 8. Bg5 Be7 9. 0-0 0-0 10. f4 Bg4 11. Ne2 Nxe4 12. Bxe7 Qxe7 13. Nd2 Nxd2 14. Qxd2 Bxe2 15. Bxe2 Nd4 16. fxe5 dxe5 17. c3 Nxe2+ 18. Qxe2 f5 19. Rae1 Rae8 20. Qc2 g6 21. Qb3+ Kg7 22. a4 Qc5+ 23. Kh1 e4 24. Qxb7+ Re7 25. Qxa6 Ra7 26. Qb5 Qxb5 27. axb5 Kf6 28. Rxe4 Re7 29. Rxe7 Kxe7 30. Kg1 Kd6 31. b4 Kc7 32. c4 Kb6 33. Re1 Rc8 34. Rc1 Rd8 35. Kf2 Rd3 36. g3 Rb3 37. c5+ Kc7 38. Re1 Rxb4 39. Re7+ Kd8 40. Rxh7 Rxb5 41. h4 Rxc5 42. Rg7 Rc6 43. Kf3 Ke8 44. g4 Kf8 45. Ra7 Rc4 46. gxf5 gxf5 47. h5 Rh4 48. h6 Rxh6 49. Ra8+ Kg7 50. Kf4 Rf6 51. Ra7+ Kg6 52. Ra1 Re6 53. Ra4 Kf6 54. Rb4 Ra6 55. Rc4 Kg6 56. Rb4 Rf6 57. Rb5 Rd6 58. Rxf5 1/2-1/2